Datum a čas kvízu
36
Celkem bodů
Celkový počet nahraných bodů na tomto kvízu bez doplňovacích otázek.
1.
Pořadí na kvízu
Konečné umístění týmu na tomto kvízu.
Zaznamenané odpovědi
| # | Otázka | Odpověď | Body | Výsledky |
|---|---|---|---|---|
| 1. | Který český politik a lékař če... | Bohuslav Svoboda | 1 | |
| 2. | Humanoidní robot Muhammad na v... | osahával ženu | 1 | |
| 3. | 14. března vstoupil do českých... | Monty Python a Svatý Grál | 0 | |
| 4. | Některé provozovny jistého řet... | McDonald's | 1 | |
| 5. | Český útočník Patrik Schick se... | Karabach | 0 | |
| 6. | Téma začneme v Evropě. Seřaďte... | 1A 2C 3D 4B | 0 | |
| 7. | V souvislosti s Che Guevarou s... | v Argentině | 1 | |
| 8. | Které z těchto zvířat nežije p... | A | 1 | |
| 9. | Kolik ostrovních států se nach... | jeden | 0 | |
| 10. | Jak se jmenuje ostrovní stát,... | Vanuatu | 1 |